000 00312nam a22001337a 4500
008 170922b xxu||||| |||| 00| 0 eng d
020 _a9788843586417
041 _aeng
080 _a902
100 _a45
101 _aARK
245 _aNATIONAL ARCHEOLOGICAL MUSRUM OF NAPLES
_cCARP.S
942 _2udc
_cBK
999 _c28946
_d28946